[Event "Pobeskydi GM 2012"]
[Site "Frydek Mistek CZE"]
[Date "2012.04.06"]
[Round "6"]
[White "Straka,Joz2"]
[Black "Rojicek,V"]
[Result "0-1"]
[WhiteElo "2317"]
[BlackElo "2406"]

1.Nf3 d5 2.g3 c6 3.Bg2 Bg4 4.d4 Nd7 5.O-O e6 6.Nbd2 Ngf6 7.Re1 Be7 8.e4 dxe4
9.Nxe4 O-O 10.c3 Qb6 11.Qb3 Nxe4 12.Rxe4 Bf5 13.Re1 a5 14.Ne5 Qxb3 15.axb3 Nb6
16.Nc4 Nxc4 17.bxc4 Bd3 18.c5 Ra6 19.Bf4 Rfa8 20.Ra3 a4 21.h4 b5 22.h5 Bc4
23.Kh2 g5 24.hxg6 hxg6 25.g4 f6 26.Kg3 Kg7 27.Rh1 Rh8 28.Rxh8 Kxh8 29.Ra1 Kg7
30.Bc7 Ra8 31.Bb6 Rc8 32.Re1 Kf7 33.Rh1 Bf8 34.f4 Bd5 35.Bf3 Bg7 36.f5 Bxf3
37.fxe6+ Kxe6 38.Kxf3 Kd5 39.Re1 Kc4 40.Re7 Bh6 41.Re4 f5 42.gxf5 gxf5 43.Re2 Kb3
44.Ba5 Bc1 45.Bb4 Bxb2  0-1

[Event "39th La Roda Open"]
[Site "La Roda ESP"]
[Date "2012.04.06"]
[Round "4"]
[White "Fernandez Seco,J"]
[Black "Lalic,B"]
[Result "0-1"]
[WhiteElo "2006"]
[BlackElo "2469"]

1.Nf3 d5 2.g3 g6 3.Bg2 Bg7 4.O-O e5 5.d3 Ne7 6.e4 O-O 7.Nc3 c6 8.Bg5 f6 9.Bd2 d4
10.Ne2 c5 11.Ne1 Nbc6 12.f4 f5 13.Kh1 fxe4 14.Bxe4 Bf5 15.Bg2 Qd7 16.Ng1 exf4
17.Bxf4 Nd5 18.Bd2 Rae8 19.Nef3 Ne3 20.Bxe3 dxe3 21.Rb1 c4 22.Re1 cxd3 23.cxd3 Qxd3
24.Qa4 e2 25.Nh4 Be4 26.Bxe4 Rxe4 27.Qb3+ Qxb3 28.axb3 Nd4 29.Kg2 Re3 30.Kh1 Bh6
31.b4 Re7  0-1

[Event "39th La Roda Open"]
[Site "La Roda ESP"]
[Date "2012.04.06"]
[Round "4"]
[White "Cerrajeria Ruiz,J"]
[Black "Garza Marco,S"]
[Result "0-1"]
[WhiteElo "2141"]
[BlackElo "2404"]

1.g3 d5 2.Nf3 Nf6 3.Bg2 c6 4.O-O Bf5 5.d3 e6 6.Nbd2 h6 7.Qe1 Be7 8.e4 Bh7
9.Qe2 O-O 10.Re1 Na6 11.e5 Nd7 12.Nf1 Nac5 13.a4 a5 14.b3 b5 15.d4 Ne4 16.axb5 Nc3
17.Qd2 Nxb5 18.c3 Nb6 19.Ne3 Be4 20.Rd1 c5 21.c4 Bxf3 22.cxb5 Bxd1 23.Nxd1 c4
24.bxc4 Nxc4 25.Qa2 Qb6 26.Nc3 Qxd4  0-1

[Event "Paskturneringen Open"]
[Site "Norrkoping SWE"]
[Date "2012.04.06"]
[Round "3"]
[White "Karlsson,L"]
[Black "Drugge,P"]
[Result "1/2-1/2"]
[WhiteElo "2473"]
[BlackElo "2179"]

1.g3 d5 2.Nf3 g6 3.Bg2 Bg7 4.O-O e5 5.c4 c6 6.Qa4 Ne7 7.cxd5 Nxd5 8.d3 O-O
9.a3 Na6 10.Qc2 h6 11.Nbd2 Be6 12.Nc4 Qc7 13.Bd2 c5 14.Rac1 Rac8 15.Qb1 b5
16.Na5 Qd7 17.Rfd1 Rc7 18.Be1 Rb8 19.Nd2 Bg4 20.Bf3 Bxf3 21.Nxf3 Qh3  1/2-1/2

[Event "6th Philadelphia Open"]
[Site "Philadelphia USA"]
[Date "2012.04.06"]
[Round "4.6"]
[White "Panchanathan,M"]
[Black "Krush,I"]
[Result "1-0"]
[WhiteElo "2557"]
[BlackElo "2461"]

1.Nf3 d5 2.g3 c6 3.Bg2 Bg4 4.O-O Nd7 5.d4 e6 6.Nbd2 Ngf6 7.Re1 Be7 8.e4 dxe4
9.Nxe4 Nxe4 10.Rxe4 Bf5 11.Re1 O-O 12.c3 a5 13.Qb3 Qb6 14.Ne5 Qxb3 15.axb3 Nxe5
16.Rxe5 Bd8 17.Bf4 Bg6 18.Re2 Bb6 19.Bf3 Rfd8 20.Kg2 Rd7 21.h4 Bd3 22.Rd2 Ba6
23.Rdd1 Rad8 24.Bg5 f6 25.Bf4 c5 26.Re1 Kf7 27.dxc5 Bxc5 28.Rxa5 Bb6 29.Ra2 e5
30.Be3 Bxe3 31.Rxe3 Bb5 32.Ra5 Bc6 33.Bxc6 bxc6 34.Re2 h5 35.Rc5 Rd6 36.b4 Kg6
37.b3 Kf5 38.f3 Ra8 39.Ra5 Rad8 40.Rc5 Ra8 41.Ra5 Rad8 42.Kf2 Rd1 43.Rc5 R8d6
44.f4 R1d5 45.fxe5 fxe5 46.Rc4 Rd3 47.Kg2 Rd2 48.Kf2 R2d3 49.Rc5 R3d5 50.Ra5 e4
51.c4 Re5 52.Raa2 Kg4 53.Re3 Rf6+ 54.Kg2 Rf3 55.Rxf3 exf3+ 56.Kf2 g6 57.Rc2 Kh3
58.c5 g5 59.hxg5 Rxg5 60.Rc3 Rg4 61.b5 cxb5 62.c6 h4 63.gxh4 Rg2+ 64.Kf1 Kg3
65.c7 Ra2 66.c8=Q  1-0

[Event "16th Neckar Open"]
[Site "Deizisau GER"]
[Date "2012.04.07"]
[Round "4.2"]
[White "Kurmann,O"]
[Black "Istratescu,A"]
[Result "1/2-1/2"]
[WhiteElo "2458"]
[BlackElo "2633"]

1.Nf3 d5 2.g3 c6 3.Bg2 Bg4 4.O-O Nd7 5.d4 e6 6.Nbd2 Ngf6 7.Re1 Bf5 8.Nh4 Be7
9.Nxf5 exf5 10.c4 Nb6 11.Qc2 g6 12.b3 h5 13.Nf3 Ne4 14.h4 O-O 15.Rd1 Re8
16.Rb1 a5 17.Bf4 Nd7 18.Ne5 Nf8 19.Nd3 Ne6 20.Be3 Bd6 21.Nc5 Qe7 22.Bxe4 fxe4
23.Nxe6 Qxe6 24.Kg2 Qg4 25.c5 Bc7 26.Qd2 Re6 27.Rbc1 Rf6 28.Rc3 Re8 29.Rh1 Rfe6
30.Re1 Bd8 31.Rh1 f6 32.Bf4 Qf5 33.Be3 Kf7 34.a3 Rh8 35.b4 axb4 36.axb4 g5
37.Rb3 Qg6 38.b5 gxh4 39.Rxh4 f5 40.Rh3 h4 41.bxc6 bxc6 42.Rb7+ Re7 43.Rb8 Ree8
44.Rb7+ Re7 45.Rb8 Ree8 46.Rb7+  1/2-1/2

[Event "II Brazil Open 2012"]
[Site "Fortaleza BRA"]
[Date "2012.04.07"]
[Round "5"]
[White "Macedo,A"]
[Black "Azevedo Junior,Jose Ferreira"]
[Result "0-1"]
[WhiteElo "1920"]
[BlackElo "2059"]

1.Nf3 d5 2.g3 Nf6 3.Bg2 g6 4.b3 Bg7 5.Bb2 O-O 6.O-O c6 7.d3 Na6 8.Nbd2 Nc7
9.Re1 Re8 10.e4 Nxe4 11.Bxg7 Nxd2 12.Bh6 Nxf3+ 13.Qxf3 Ne6 14.Qe3 Qb6 15.Qd2 Ng7
16.Qd1 a5 17.g4 a4 18.h3 Qd4 19.Qd2 axb3 20.c3 Qf6 21.axb3 Rxa1 22.Rxa1 e5
23.Bg5 Qd6 24.d4 f5 25.dxe5 Qxe5 26.Bf4 Qe2 27.Qxe2 Rxe2 28.Be3 Kf7 29.c4 dxc4
30.bxc4 fxg4 31.Ra8 Re1+ 32.Kh2 gxh3 33.Rxc8 hxg2 34.Rc7+ Ke6 35.Kxg2 Nf5
36.Bb6 h5 37.Rxb7 Re4 38.c5 Rd4 39.Rc7 Ne7 40.Ra7 g5 41.Ra8 h4 42.Re8 g4
43.Bc7 Kf7 44.Rh8 h3+ 45.Kh2 Nf5 46.Bb8 Rd5 47.Ba7 Rd2 48.Bb8 Rxf2+ 49.Kg1 Rc2
50.Bd6 Nxd6 51.cxd6 Ke6 52.Rh4 Rg2+ 53.Kh1 Kxd6 54.Rh6+ Kd5 55.Rd6+ Ke5 56.Rd5+ Ke4
57.Re5+ Kd3 58.Re3+ Kd2 59.Rd3+ Ke1 60.Rd1+ Kf2 61.Rf1+ Kg3 62.Rf3+ Kh4 63.Rxh3+ Kg5
64.Rc3 Rd2 65.Rxc6 Kh4 66.Kg1 Kh3 67.Rh6+ Kg3 68.Kf1 Rh2 69.Ra6 Rh1+ 70.Ke2 Kg2
71.Ra2 Rh8 72.Ke1+ Kg1 73.Re2 g3  0-1

[Event "39th La Roda Open"]
[Site "La Roda ESP"]
[Date "2012.04.07"]
[Round "6"]
[White "Movsziszian,K"]
[Black "Pardo Simon,D"]
[Result "0-1"]
[WhiteElo "2483"]
[BlackElo "2402"]

1.g3 d5 2.Nf3 Nf6 3.Bg2 c6 4.c4 Bf5 5.cxd5 cxd5 6.Qb3 Qc8 7.Nc3 e6 8.d3 Nc6
9.Bf4 Nh5 10.Bd2 Bg4 11.e4 dxe4 12.dxe4 Nf6 13.O-O Be7 14.Rac1 O-O 15.Be3 Rd8
16.Rfe1 Qb8 17.e5 Nd7 18.Nb5 Bxf3 19.Bxf3 Ndxe5 20.Be4 a6 21.Nc3 Nd3 22.Bxd3 Rxd3
23.Rcd1 Rxd1 24.Rxd1 b5 25.Ne4 Qe5 26.Qc2 Nb4 27.Qb1 Nd5 28.Bd4 Qf5 29.Qc2 Rd8
30.Qe2 h6 31.Bc5 Bxc5 32.Nxc5 Rc8 33.Ne4 Qe5 34.f4 Qc7 35.f5 exf5 36.Rxd5 fxe4
37.Kf2 Qb6+ 38.Kg2  0-1

[Event "O2C Doeberl Cup Premier 2012"]
[Site "Canberra AUS"]
[Date "2012.04.08"]
[Round "8.10"]
[White "Bjelobrk,I"]
[Black "Lane,G"]
[Result "0-1"]
[WhiteElo "2326"]
[BlackElo "2368"]

1.Nf3 d5 2.g3 Nf6 3.Bg2 c6 4.c4 e6 5.Qc2 Nbd7 6.O-O Bd6 7.d4 O-O 8.Nbd2 Re8
9.Rd1 Qe7 10.e4 Nxe4 11.Nxe4 dxe4 12.Qxe4 e5 13.Re1 Qf8 14.c5 Bc7 15.Bd2 Nf6
16.Qc2 exd4 17.Rxe8 Qxe8 18.Nxd4 Bg4 19.Nf5 Qd7 20.Ne3 Bh3 21.Bf3 Qe6 22.Qb3 Qxb3
23.axb3 a6 24.Nc4 Be6 25.Ba5 Bxa5 26.Nxa5 Rb8 27.Ra4 Nd7 28.b4 Kf8 29.Ra1 Ne5
30.Be2 Bd5 31.f4 Nf3+ 32.Bxf3 Bxf3 33.Nc4 Bd5 34.Ne3 Be4 35.Rd1 b6 36.Rd4 f5
37.cxb6 Rxb6 38.g4 g6 39.gxf5 gxf5 40.Kf1 c5 41.bxc5 Rxb2 42.h4 Rh2 43.c6 Bxc6
44.Nxf5 a5 45.Rd6 Bb5+ 46.Kg1 Rb2 47.Rd8+ Kf7 48.Rb8 Rb1+ 49.Kf2 Bd3 50.Rxb1 Bxb1
51.Nd6+ Ke6 52.Nc4 a4 53.Ke3 Kf5 54.Kd4 Kxf4 55.Ne3 Be4 56.Nc4 h6 57.Kc3 Bd5
58.Nb6 Bb3 59.Nc8 Be6 60.Nd6 a3 61.Nb5 a2 62.Kb2 Kg4 63.Nd4 Bd5 64.h5 Bf7
65.Ka1 Kf4 66.Kb2 Bxh5 67.Kxa2 Bf3 68.Kb2 h5 69.Ne6+ Kg4 70.Nc5 h4 71.Nd3 Kg3  0-1

[Event "e2e4 Dublin Easter Masters"]
[Site "Dublin IRL"]
[Date "2012.04.08"]
[Round "6"]
[White "Gourlay,I"]
[Black "Omtvedt,P"]
[Result "1-0"]
[WhiteElo "2351"]
[BlackElo "2100"]

1.Nf3 d5 2.g3 c5 3.Bg2 e6 4.O-O Nf6 5.c4 Nc6 6.b3 Be7 7.e3 O-O 8.Bb2 b6 9.Nc3 Ba6
10.d3 Rc8 11.Qe2 Qc7 12.Rfd1 Rcd8 13.Rac1 Rfe8 14.Qc2 Bb7 15.cxd5 Nb4 16.Qb1 exd5
17.d4 a6 18.dxc5 bxc5 19.Na4 Ne4 20.Nd2 Nxd2 21.Rxd2 a5 22.Bd4 Na6 23.Rdc2 Rc8
24.Bh3 Rb8 25.Nxc5 Nxc5 26.Bxc5 Bxc5 27.Rxc5 Qb6 28.Qd3 Qb4 29.Rb5 Qa3 30.Rc7 Ba8
31.Rxb8 Rxb8 32.Qa6 Qf8 33.Rc8 Rxc8 34.Bxc8 d4 35.Qxa8 d3 36.Bb7  1-0

[Event "Karposh Open 2012"]
[Site "Skopje MKD"]
[Date "2012.04.08"]
[Round "3.14"]
[White "Arsovic,G"]
[Black "Rusev,K"]
[Result "1-0"]
[WhiteElo "2422"]
[BlackElo "2516"]

1.Nf3 d5 2.g3 Nf6 3.Bg2 c6 4.O-O Bf5 5.d3 h6 6.Be3 e6 7.c4 dxc4 8.dxc4 Nbd7
9.Nc3 Qc7 10.a3 Be7 11.Nd4 Bh7 12.b4 O-O 13.h3 Rfd8 14.Qb3 e5 15.Nf3 Bf5
16.Nd2 Be6 17.Rac1 b5 18.Nd5 cxd5 19.cxd5 Nxd5 20.Rxc7 Nxc7 21.Qb1 Nd5 22.Rc1 a5
23.Bxd5 Bxd5 24.Qd3 Be6 25.Qxb5 axb4 26.axb4 Bxh3 27.Rc7 Rab8 28.Rb7 Rxb7
29.Qxb7 Rb8 30.Qc7 Rxb4 31.Nc4 Bf6 32.Qc8+ Kh7 33.Nb6 Nxb6 34.Qxh3 Nd5 35.Bd2 Rb8
36.Qd7 Ne7 37.Bc3 Rb3 38.Bxe5 Bxe5 39.Qxe7 Bxg3 40.Qxf7 Rb2 41.Qf5+ Kh8 42.Qc8+ Kh7
43.Qc3 Bxf2+ 44.Kxf2 Rb8 45.Qc2+ Kh8 46.e4 Re8 47.Qc6 Re5 48.Qd6 Rg5 49.e5  1-0

[Event "16th Neckar Open"]
[Site "Deizisau GER"]
[Date "2012.04.09"]
[Round "9.8"]
[White "Moser,E"]
[Black "Baramidze,D"]
[Result "1/2-1/2"]
[WhiteElo "2460"]
[BlackElo "2612"]

1.g3 d5 2.Nf3 Nf6 3.Bg2 c6 4.O-O Bg4 5.d3 Nbd7 6.Nbd2 e5 7.e4 Be7 8.h3 Bh5
9.Qe1 dxe4 10.dxe4 O-O 11.Nc4 Qc7 12.a4 Rfe8 13.Bd2 Bf8 14.Ba5 b6 15.Bc3 Rab8
16.Nh4 b5 17.Ba5 Qc8 18.axb5 cxb5 19.Ne3 Nc5 20.Bb4 a6 21.f3 Nfd7 22.Nhf5 Bg6
23.Qd2 Bxf5 24.Nxf5 Qc6 25.Kh2 Nb6 26.b3 Ra8 27.Rfd1 g6 28.Nh6+ Kg7 29.Ng4 h5
30.Ne3 Ne6 31.Bxf8+ Rxf8 32.Qd6 Qxd6 33.Rxd6 Rfb8 34.Bf1 Nc5 35.h4 Rb7 36.Bh3 a5
37.Rc6 Ncd7 38.Bxd7 Nxd7 39.Nd5 a4 40.Nc7 Raa7 41.Nd5 axb3 42.Rxa7 Rxa7 43.cxb3 Ra2+
44.Kh3 Rb2 45.b4 Nf8 46.Nc7 Rxb4 47.Rb6 Rb3 48.Rxb5 Rxf3 49.Rxe5 Nd7 50.Re7 Nc5
51.Kg2 Re3 52.Nd5 Rxe4 53.Rxe4 Nxe4 54.Kf3 Nf6 55.Nf4 Kf8 56.Kg2 Ke7 57.Kf3 Kd6
58.Nh3 Ng4 59.Ng5 f6 60.Nh3 Ke5 61.Nf4 Kf5 62.Nd5 Ne5+ 63.Kg2 Nc6 64.Nf4 Ne7
65.Kf3 Nc6 66.Kg2 Nd4 67.Nd5 Ke6 68.Nf4+ Kf7 69.Nd5 Nc6 70.Nf4 f5 71.Nd5 Ne7
72.Nf4 Kf6 73.Kf3 Ke5 74.Nd3+ Ke6 75.Nf4+ Kf6 76.Kg2 Nc6 77.Nd5+ Kf7 78.Nf4 Ne5
79.Kf2 Ke7 80.Ke3 Kf7 81.Kf2 Nd7 82.Kf3 Nc5 83.Ke3 Na6 84.Kf3 Nc7 85.Kf2 Kf6
86.Kf3 Ne6 87.Nd3 g5 88.hxg5+ Nxg5+ 89.Kg2 Ne6 90.Kf3 Kg5 91.Ne5 Nd4+ 92.Kg2 Kf6
93.Nd3  1/2-1/2

[Event "Karposh Open 2012"]
[Site "Skopje MKD"]
[Date "2012.04.09"]
[Round "4.22"]
[White "Vukovic,Ivo"]
[Black "Mastrovasilis,A"]
[Result "1/2-1/2"]
[WhiteElo "2229"]
[BlackElo "2510"]

1.Nf3 d5 2.g3 c6 3.Bg2 Nf6 4.b3 Bf5 5.Bb2 e6 6.O-O h6 7.c4 a5 8.d3 Be7 9.Nc3 O-O
10.Qc2 Na6 11.e4 Bh7 12.Qe2 Re8 13.Rfd1 Rb8 14.e5 Nd7 15.d4 Nc7 16.Rac1 Ra8
17.h4 Qb8 18.Bf1 Kh8 19.Bh3 Qd8 20.Re1  1/2-1/2

[Event "Campomanes Mem GM Open"]
[Site "Bandar Seri Begawan BRU"]
[Date "2012.04.10"]
[Round "6.4"]
[White "Vakhidov,T"]
[Black "Yeoh,L"]
[Result "1-0"]
[WhiteElo "2481"]
[BlackElo "2204"]

1.Nf3 d5 2.g3 Nf6 3.Bg2 c5 4.O-O Nc6 5.d4 e6 6.c4 dxc4 7.Qa4 Bd7 8.dxc5 Bxc5
9.Qxc4 Be7 10.Nc3 O-O 11.Rd1 Rc8 12.Bg5 Qc7 13.Rac1 Rfd8 14.Ne4 Qa5 15.Nxf6+ gxf6
16.Bd2 Qh5 17.h3 Ne5 18.Qb3 Bc6 19.Nxe5 Bxg2 20.Kxg2 Rxc1 21.Bxc1 Rxd1 22.Qxd1 Qxe5
23.Bh6 Qh5 24.Qd2 a5 25.e4 Qe5 26.Qc2 Qc5 27.Qxc5 Bxc5 28.a4 f5 29.exf5 exf5
30.Kf3 Bb6 31.Be3 Bc7 32.Bf4 Bb6 33.Be5 h6 34.Kf4 Bxf2 35.Kxf5 Bc5 36.h4 Bf2
37.h5 Bc5 38.Bf6 Kf8 39.g4 Be3 40.Ke4 Bc1 41.b3 Bd2 42.Kd3 Be1 43.Kc4 Ke8
44.Kd5 Bd2 45.Ke4 Kf8 46.Kd3 Be1 47.Ke3 Bb4 48.Kd4 Ke8 49.Kc4 Be1 50.Bg7 Bd2
51.Kd3 Bc1 52.Bc3 Ke7 53.Ke4 b6 54.Bd4 Bd2 55.Bxb6 Ke6 56.Bd4 f6 57.Bc5 Bc1
58.Bb6 Bd2 59.Kd3 Bb4 60.Be3 Bf8 61.Ke4  1-0

[Event "2nd Women Masters"]
[Site "Jiangsu Wuxi CHN"]
[Date "2012.04.10"]
[Round "1"]
[White "Ju Wenjun"]
[Black "Shen Yang"]
[Result "1-0"]
[WhiteElo "2557"]
[BlackElo "2440"]

1.Nf3 d5 2.g3 c6 3.Bg2 Bf5 4.O-O e6 5.b3 h6 6.Bb2 Nf6 7.d3 Be7 8.Nbd2 O-O
9.Qe1 a5 10.e4 Bh7 11.a4 Re8 12.Qe2 Qc7 13.Ne1 c5 14.e5 Nfd7 15.c4 dxc4 16.Nxc4 Nc6
17.Nc2 Red8 18.N2a3 Nd4 19.Bxd4 cxd4 20.Nb5 Qb8 21.Rfd1 Ra6 22.Rab1 Nc5 23.f4 Rd7
24.Qc2 Bg6 25.Ncd6 Bxd6 26.exd6 b6 27.Qc4 Rxd6 28.Nxd6 Qxd6 29.b4 axb4 30.Rxb4 Ra5
31.Qxd4 Qxd4+ 32.Rxd4 Rxa4 33.Rxa4 Nxa4 34.Ra1 Nc5 35.d4 Ne4 36.Ra8+ Kh7
37.Bxe4 Bxe4 38.Rb8 h5 39.Rxb6 g6 40.Kf2 Kg7 41.Ke3 Bg2 42.Rd6 Kf6 43.Rd7 Bc6
44.Rc7 Bd5 45.Kd3 Bb3 46.Kc3 Ba4 47.Kc4 Be8 48.Kc5 Ba4 49.Kd6 Bb5 50.Ra7 Be8
51.Ra5 Kg7 52.Ke7 Bc6 53.h4 Be4 54.Rb5  1-0

[Event "19th TCh-RUS 2012"]
[Site "Sochi RUS"]
[Date "2012.04.10"]
[Round "2"]
[White "Gritsenko,An"]
[Black "Lojko,Alexej"]
[Result "1-0"]
[WhiteElo "2401"]
[BlackElo "2215"]

1.Nf3 d5 2.g3 c5 3.Bg2 Nc6 4.c4 d4 5.d3 e5 6.O-O Bd6 7.a3 a5 8.e3 Nge7 9.exd4 exd4
10.Nbd2 b6 11.Ng5 O-O 12.Re1 Bf5 13.Nge4 Bc7 14.f4 Qd7 15.Nf2 Be6 16.Nde4 h6
17.Qe2 Ng6 18.Qf3 Rac8 19.h4 Rfd8 20.Re2 Bb8 21.Qh5 Nce7 22.Bd2 f5 23.Nf6+ gxf6
24.Qxh6 Bf7 25.h5 Bd6 26.hxg6 Nxg6 27.Bd5 Nf8 28.Qxf6 Bxd5 29.cxd5 Qg7 30.Qxg7+ Kxg7
31.Kg2 a4 32.Kf3 Re8 33.Rae1 Rxe2 34.Rxe2 b5 35.g4 c4 36.dxc4 bxc4 37.gxf5 c3
38.bxc3 Bxa3 39.cxd4 Bb2 40.Re7+ Kf6 41.Ra7 Rd8 42.Ng4+ Kxf5 43.Rf7+ Kg6
44.Ne5+ Kh5 45.Bb4 Bxd4 46.Rxf8  1-0

[Event "Karposh Open 2012"]
[Site "Skopje MKD"]
[Date "2012.04.11"]
[Round "6.21"]
[White "Arnaudov,G"]
[Black "Dastan,B"]
[Result "1-0"]
[WhiteElo "2476"]
[BlackElo "2239"]

1.Nf3 d5 2.g3 Nf6 3.Bg2 e6 4.O-O Nbd7 5.d4 c6 6.Nbd2 b6 7.c4 Ba6 8.Qc2 Bd6
9.e4 dxe4 10.Ng5 Be7 11.Ngxe4 Bb7 12.Rd1 O-O 13.c5 Nd5 14.Nf3 Qc7 15.Bg5 f6
16.Bd2 h6 17.Re1 f5 18.Nc3 bxc5 19.Rxe6 Bf6 20.Nxd5 cxd5 21.Bf4 Qc8 22.Rc1 Ba6
23.Ree1 c4 24.Bh3 Bd8 25.Bd6 Rf6 26.Re8+ Kh7 27.Be5  1-0

[Event "Karposh Open 2012"]
[Site "Skopje MKD"]
[Date "2012.04.12"]
[Round "7.56"]
[White "Vladimirov,V MKD"]
[Black "Djordjevski,J"]
[Result "1-0"]
[WhiteElo "2162"]
[BlackElo "1936"]

1.Nf3 d5 2.g3 Nf6 3.Bg2 Bf5 4.c4 c6 5.cxd5 cxd5 6.Qb3 Qc8 7.O-O Nc6 8.Nc3 e6
9.d3 h6 10.Bf4 Nh5 11.Bd2 Qd7 12.e4 dxe4 13.dxe4 Bh7 14.Rfd1 Qc8 15.Rac1 Be7
16.Nd5 Bxe4 17.Nxe7 Kxe7 18.Bb4+ Ke8 19.Ne5 Bxg2 20.Nc4  1-0

[Event "Karposh Open 2012"]
[Site "Skopje MKD"]
[Date "2012.04.12"]
[Round "7.2"]
[White "Berkes,F"]
[Black "Rusev,K"]
[Result "1-0"]
[WhiteElo "2682"]
[BlackElo "2516"]

1.Nf3 d5 2.g3 Nf6 3.Bg2 e6 4.O-O Be7 5.c4 O-O 6.d4 dxc4 7.Qc2 b5 8.a4 b4
9.Nbd2 b3 10.Qxc4 Ba6 11.Qxb3 Nc6 12.Qc2 Nb4 13.Qd1 c5 14.Nb3 c4 15.Nbd2 Qa5
16.Nb1 Rad8 17.Bd2 Ne4 18.Bxb4 Bxb4 19.Qc2 f5 20.Rc1 c3 21.bxc3 Rc8 22.Qb3 Bxc3
23.Qxe6+ Kh8 24.Ne5 Rfe8 25.Nf7+  1-0

[Event "Schachbundesliga 2011-12"]
[Site "Berlin GER"]
[Date "2012.04.14"]
[Round "14"]
[White "Muse,M"]
[Black "Hammer,J"]
[Result "0-1"]
[WhiteElo "2443"]
[BlackElo "2601"]

1.Nf3 d5 2.g3 c6 3.Bg2 Bf5 4.d3 e6 5.Nbd2 h6 6.e4 Bh7 7.O-O Nf6 8.Qe2 Be7
9.h3 O-O 10.Nh2 c5 11.c3 Nc6 12.Re1 Qb6 13.Kh1 Qa6 14.f4 Rad8 15.Ng4 Nxg4
16.hxg4 b5 17.Nf1 d4 18.Rd1 Rd7 19.Qf2 dxc3 20.bxc3 b4 21.Be3 Rxd3 22.Bxc5 Bxc5
23.Qxc5 Rxc3 24.Qd6 Qb6 25.Qd2 e5 26.Rab1 Rd8 27.Qe1 Rd4 28.f5 f6 29.Rdc1 Rdd3
30.Rxc3 Rxc3 31.Qd1 Qd4 32.Qa4 Kh8 33.Rd1 Qc5 34.Rd5 Qf2 35.Rd6 Qc5 36.Rd5 Qf2
37.Rd6 Qb6 38.Rd7 Bg8 39.g5 fxg5 40.f6 gxf6 41.Qd1 Qc5 42.Qh5 Qf8 43.Qg6 Ne7
44.Qh5 a5 45.Qd1 Nc6 46.Qh5 Bxa2 47.Bh3 Bg8 48.Bf5 b3 49.Qe2 Nd4 50.Qa6 b2  0-1

[Event "Sydney International Open"]
[Site "Parramatta AUS"]
[Date "2012.04.14"]
[Round "8.2"]
[White "Czebe,A"]
[Black "Solomon,SJ"]
[Result "1/2-1/2"]
[WhiteElo "2477"]
[BlackElo "2375"]

1.Nf3 d5 2.g3 c6 3.Bg2 Bg4 4.c4 e6 5.Qb3 Qb6 6.d4 Nd7 7.Nc3 Ngf6 8.O-O Be7
9.c5 Qxb3 10.axb3 Bxf3 11.exf3 e5 12.b4 exd4 13.Ne2 d3 14.Nf4 Ne5 15.Re1 Nfd7
16.Bd2 f6 17.Nh5 Kf7 18.f4 Nc4 19.Bc3 a5 20.bxa5 Bxc5 21.Bh3 Nf8 22.Bf1 d2
23.Red1 Nd6 24.Rxd2 Ne4 25.Rc2 g6 26.Nxf6 Nxc3 27.Rxc3 Bd4 28.Nxd5 cxd5 29.Rc7+ Kf6
30.Rxb7 Ne6 31.Bg2 Rhb8 32.Bxd5 Rxb7 33.Bxb7 Ra7 34.a6 Bxb2 35.Rd1 Bd4 36.h4 h5
37.Kg2 Bc5 38.Rc1 Bd6 39.Rd1 Ke7 40.Re1 Kf6 41.Rd1 Ke7 42.Re1 Kf6 43.Rb1 Ke7
44.Bc8 Rc7 45.Bb7 Bc5 46.Re1 Kf6 47.Bd5 Nd4 48.Rc1 Nb5 49.Kf1 Ba7 50.Rxc7 Nxc7
51.Bc4 Ne8 52.f3 Nd6 53.Bd3 Nc8 54.g4 Ne7 55.Be4 Bb6 56.Ke2 Ba7 57.Kd3 Bf2
58.Bb7 Ke6 59.Ke4 Kf6 60.Kd3 Ke6 61.Ke2 Bc5 62.Kf1 Kd6 63.Be4 Ba7 64.Kg2 Kc5
65.Kf1 Kd4 66.Ke2 hxg4 67.Kf2 Bb8 68.Kg3 gxf3 69.Kxf3 Kc5 70.Kg4 Kb6 71.Bb7 Bc7
72.Kg5 Bd8  1/2-1/2

[Event "Sydney International Open"]
[Site "Parramatta AUS"]
[Date "2012.04.14"]
[Round "8.1"]
[White "Vajda,Le"]
[Black "Sengupta,D"]
[Result "1/2-1/2"]
[WhiteElo "2597"]
[BlackElo "2572"]

1.Nf3 d5 2.g3 g6 3.Bg2 Bg7 4.O-O e5 5.d3 Ne7 6.e4 O-O 7.Nc3 c6 8.h3 h6 9.Kh2 Be6
10.d4 dxe4 11.Nxe4 exd4 12.Bf4 Bd5 13.Re1 Nd7 14.Nxd4 Bxe4 15.Bxe4 Nc5 16.c3 Nd5
17.Bd2 Nxe4 18.Rxe4 Qb6 19.Qc2 Rad8 20.Rae1 c5 21.Nf3 Qf6 22.Kg2 Qc6 23.c4 Nb4
24.Bxb4 cxb4 25.Qe2 Qa6 26.c5 Qxa2 27.Rxb4 Rd7 28.Rd1 Rc7 29.Qe4 Qa5 30.Rxb7 Qxc5
31.b4 Qc3 32.Rd7 Rxd7 33.Rxd7 a5  1/2-1/2

[Event "Karposh Open 2012"]
[Site "Skopje MKD"]
[Date "2012.04.14"]
[Round "9.10"]
[White "Mastrovasilis,A"]
[Black "Rusev,K"]
[Result "1/2-1/2"]
[WhiteElo "2510"]
[BlackElo "2516"]

1.Nf3 d5 2.g3 Nf6 3.Bg2 e6 4.O-O Be7 5.c4 O-O 6.d4 dxc4 7.Ne5 Nc6 8.Bxc6 bxc6
9.Nxc6 Qe8 10.Nxe7+ Qxe7 11.Qc2 e5 12.Rd1 Re8 13.d5 c6 14.d6 Qe6 15.Bg5 Nd5
16.Qxc4 Qxd6 17.Nc3  1/2-1/2

[Event "Schachbundesliga 2011-12"]
[Site "Baden Baden GER"]
[Date "2012.04.15"]
[Round "15"]
[White "Gonda,L"]
[Black "Guliyev,N"]
[Result "1/2-1/2"]
[WhiteElo "2520"]
[BlackElo "2554"]

1.Nf3 d5 2.g3 c6 3.Bg2 Bg4 4.c4 e6 5.O-O Nd7 6.cxd5 exd5 7.d3 Ngf6 8.Nc3 Be7
9.Qc2 O-O 10.e4 Nc5 11.h3 dxe4 12.dxe4 Bxf3 13.Bxf3 Qd3 14.Qxd3 Nxd3 15.Rd1 Nxc1
16.Raxc1 Rfd8 17.Kg2 Rxd1 18.Rxd1 Rd8 19.Rxd8+ Bxd8 20.Bd1 Ba5 21.Bc2 Kf8
22.Ne2 Ke7 23.f4  1/2-1/2

[Event "Schachbundesliga 2011-12"]
[Site "Berlin GER"]
[Date "2012.04.15"]
[Round "15"]
[White "Rapport,R"]
[Black "Tischbierek,R"]
[Result "1-0"]
[WhiteElo "2547"]
[BlackElo "2454"]

1.Nf3 d5 2.g3 g6 3.Bg2 Bg7 4.O-O e5 5.d3 Ne7 6.c4 dxc4 7.Qa4+ c6 8.Qxc4 O-O
9.Nc3 Be6 10.Qa4 h6 11.Bd2 Nd7 12.Rab1 a5 13.Qc2 c5 14.a3 Nc6 15.e3 Qe7 16.b3 Rac8
17.Nb5 f5 18.Bc1 g5 19.Bb2 g4 20.Nh4 Kh7 21.f3 gxf3 22.Rxf3 Rf7 23.Rbf1 Rcf8
24.Nc7 e4 25.dxe4 Nde5 26.Nxe6 Nxf3+ 27.Rxf3 Qxe6 28.exf5 Qe8 29.f6+ Kg8
30.fxg7  1-0

[Event "TCh-HUN 2011-12"]
[Site "Budapest HUN"]
[Date "2012.04.15"]
[Round "8"]
[White "Berkes,F"]
[Black "Szabo,Zso2"]
[Result "1-0"]
[WhiteElo "2706"]
[BlackElo "2432"]

1.g3 d5 2.Nf3 c6 3.Bg2 Bg4 4.O-O Nd7 5.d3 Qc7 6.Qe1 O-O-O 7.e4 e6 8.a4 Bxf3
9.Bxf3 h5 10.Nd2 h4 11.d4 f5 12.exd5 exd5 13.c4 hxg3 14.fxg3 Ngf6 15.cxd5 Re8
16.Qf2 cxd5 17.Nb3 Bd6 18.Bg5 Kb8 19.Rac1 Qd8 20.Nc5 Bc7 21.Nxb7 Kxb7 22.Bxd5+ Kb8
23.Bg2 Rxh2 24.Rxc7 Rxg2+ 25.Qxg2 Kxc7 26.Bf4+ Kb6 27.Rc1 Ne4 28.Qc2 Ndc5
29.dxc5+ Kc6 30.Qc4 Qa5 31.b4 Qxa4 32.Qf7 Nf6 33.b5+ Kxb5 34.Qb7+  1-0

[Event "ch-BLR u20 Girls 2012"]
[Site "Minsk BLR"]
[Date "2012.04.15"]
[Round "10.1"]
[White "Kaliadzich,M"]
[Black "Stetsko,L"]
[Result "0-1"]
[WhiteElo "1893"]
[BlackElo "2128"]

1.Nf3 d5 2.g3 Bg4 3.Bg2 Nd7 4.O-O Ngf6 5.d3 c6 6.Nbd2 e5 7.e4 Bd6 8.Re1 O-O
9.h3 Bh5 10.g4 Bg6 11.Nh4 dxe4 12.Nxg6 hxg6 13.dxe4 Nc5 14.Nc4 Bc7 15.Qe2 b5
16.Nd2 Bb6 17.Nb3 Ne6 18.a4 a6 19.c4 Qe7 20.axb5 axb5 21.Bd2 b4 22.c5 Bxc5
23.Qc4 Rfd8 24.Rxa8 Rxa8 25.Rc1 Nd7 26.Nxc5 Qxc5 27.Qxb4 Qxb4 28.Bxb4 Nd4
29.Kf1 f6 30.Ke1 Rb8 31.Ba3 Rb3 32.Bf1 Kh7 33.Bg2 Nb6 34.Kd2 Na4 35.Rb1 c5
36.Bf1 Rf3 37.h4 Rxf2+ 38.Kd3 Rf4 39.b3 Rf3+ 40.Kc4 Rc3+ 41.Kd5 Nxb3 42.Bb5 Nd2
43.Ra1 Nb6+ 44.Kc6 Nbc4 45.Bxc5 Nxe4 46.Bxc4 Rxc4 47.Kd5 Rxc5+ 48.Kxe4 Rc3
49.g5 Rc4+  0-1

[Event "IV ch-IberoAmerican GpD"]
[Site "Quito ECU"]
[Date "2012.04.15"]
[Round "2.2"]
[White "Morovic Fernandez,I"]
[Black "Latorre,Mat"]
[Result "1-0"]
[WhiteElo "2577"]
[BlackElo "2252"]

1.Nf3 d5 2.g3 Nf6 3.Bg2 g6 4.O-O Bg7 5.d3 O-O 6.Nbd2 Nc6 7.e4 dxe4 8.dxe4 e5
9.c3 b6 10.Re1 Qe7 11.Qc2 a5 12.Nc4 Ba6 13.Bf1 Rad8 14.Nxa5 Nxa5 15.Bxa6 Qe6
16.Bf1 Ra8 17.Bd2 Ra7 18.b3 Rfa8 19.Rad1 Nb7 20.a4 Nd6 21.Bc1 c5 22.Nxe5  1-0

[Event "14th Dubai Open 2012"]
[Site "Dubai UAE"]
[Date "2012.04.19"]
[Round "5.2"]
[White "Akopian,Vl"]
[Black "Andriasian,Z"]
[Result "1-0"]
[WhiteElo "2684"]
[BlackElo "2616"]

1.Nf3 d5 2.g3 c6 3.Bg2 Nf6 4.O-O g6 5.b3 Bg7 6.Bb2 O-O 7.c4 Bg4 8.d3 Qc8
9.Nbd2 Rd8 10.cxd5 Nxd5 11.Bxg7 Kxg7 12.Qc2 Bh3 13.e4 Bxg2 14.Kxg2 Nf6 15.d4 Nbd7
16.Rac1 Nf8 17.Qb2 Qb8 18.b4 Kg8 19.b5 cxb5 20.Qxb5 a6 21.Qb4 Rd7 22.Nc4 Nxe4
23.Nb6 Nd6 24.Rfe1 Qd8 25.Ne5 a5 26.Qc5 Ne6 27.Qd5 Qxb6 28.Nxd7 Qd8 29.Nc5 Nc7
30.Qe5 Nf5 31.Nxb7 Qd5+ 32.Qxd5 Nxd5 33.Rc5 Nb4 34.Rxa5 Rb8 35.Rb1 Nc6 36.Ra6 Nfxd4
37.a4 h5 38.a5 h4 39.Rab6 Kg7 40.a6 Rh8 41.gxh4 Rxh4 42.Nd8 Ne5 43.a7 Rg4+
44.Kh1 Nd3 45.R6b2 Nxb2 46.a8=Q Nd3 47.Qa2 Rf4 48.Qd2 Rf3 49.Kg2 e5 50.Rb7 Nf4+
51.Kf1 Nh3 52.Qa2  1-0

[Event "TCh-AUT 1st Bundesliga 2012"]
[Site "Jenbach AUT"]
[Date "2012.04.19"]
[Round "8.2"]
[White "Prohaszka,P2"]
[Black "Gyimesi,Z"]
[Result "1/2-1/2"]
[WhiteElo "2547"]
[BlackElo "2652"]

1.Nf3 d5 2.g3 Nf6 3.Bg2 c6 4.O-O Bg4 5.c4 e6 6.d3 Be7 7.Qb3 Qb6 8.Qc2 Nbd7
9.Be3 Qa6 10.Nbd2 O-O 11.h3 Bh5 12.a3 b5 13.cxb5 cxb5 14.b4 Rac8 15.Qb2 Nb6
16.Rac1 Nfd7 17.g4 Bg6 18.Nb3 Na4 19.Qa1 f6 20.Nfd4 Bf7 21.Na5 Bd6 22.Rxc8 Rxc8
23.Rc1 Rxc1+ 24.Qxc1 e5 25.Nf5 d4 26.Qc6 Qxc6 27.Bxc6 Bf8 28.Bxd4 Ndb6 29.Ba1 Nd5
30.Bxb5 Nac3 31.Bxc3 Nxc3 32.Bc4 Nxe2+ 33.Kf1 Nc3 34.Nc6 Nb1 35.Nxa7 Nxa3
36.Bxf7+ Kxf7 37.Nc6 Ke6 38.d4  1/2-1/2